Top 100 Football Players 2023 (by The Guardian) - Statistics

General Stats
  • This quiz has been taken 346 times
  • The average score is 86 of 100
Answer Stats
Hint Answer % Correct
1 Manchester City Flag of Norway F Erling Haaland
99%
4 Tottenham Hotspur Bayern Monachium Flag of England F Harry Kane
99%
2 Borussia Dortmund Real Madryt Flag of England AM Jude Bellingham
99%
3 FC Paris Saint-Germain Flag of France LW Kylian Mbappé
99%
7 FC Liverpool Flag of Egypt RW Mohamed Salah
99%
6 Real Madryt Flag of Brazil LW Vinícius Júnior
99%
8 Manchester City Flag of Belgium AM Kevin De Bruyne
98%
10 FC Paris Saint-Germain Inter Miami CF Flag of Argentina RW Lionel Messi
97%
5 Manchester City Flag of Spain DM Rodri
97%
15 Atlético Madryt Flag of France F Antoine Griezmann
96%
24 Tottenham Hotspur Flag of South Korea LW Heung-min Son
96%
25 Real Madryt CM Luka Modrić
96%
17 FC Barcelona Flag of Poland F Robert Lewandowski
96%
35 FC Liverpool Flag of Brazil GK Alisson
95%
27 Al-Nassr FC Flag of Portugal F Cristiano Ronaldo
95%
36 Real Madryt Al-Ittihad Club Flag of France F Karim Benzema
95%
13 Inter Mediolan Flag of Argentina F Lautaro Martínez
95%
9 SSC Napoli Flag of Nigeria F Victor Osimhen
95%
11 Manchester City Flag of Portugal AM Bernardo Silva
94%
42 Manchester United Flag of Portugal AM Bruno Fernandes
94%
14 FC Arsenal Flag of England RW Bukayo Saka
94%
23 Manchester City Flag of Brazil GK Ederson
94%
33 Real Madryt Flag of Brazil RW Rodrygo
94%
39 Real Madryt Flag of Belgium GK Thibaut Courtois
94%
46 Aston Villa Flag of Argentina GK Emiliano Martínez
93%
16 Manchester City FC Barcelona Flag of Germany CM İlkay Gündoğan
93%
34 FC Barcelona Flag of Germany GK Marc-André ter Stegen
93%
18 FC Arsenal Flag of Norway AM Martin Ødegaard
93%
21 Manchester City Flag of Portugal CB Rúben Dias
93%
47 FC Paris Saint-Germain Flag of Morocco RB Achraf Hakimi
92%
31 Real Madryt Flag of Uruguay CM Federico Valverde
92%
28 FC Barcelona Flag of Spain CM Gavi
92%
26 Manchester City Flag of England CB John Stones
92%
19 Manchester City Flag of Argentina F Julián Álvarez
92%
45 Manchester City Flag of England RB Kyle Walker
92%
32 FC Barcelona Flag of Spain CM Pedri
92%
41 Manchester City Flag of England RW Phil Foden
92%
44 FC Liverpool Flag of the Netherlands CB Virgil van Dijk
92%
62 Inter Mediolan Manchester United Flag of Cameroon GK André Onana
91%
22 West Ham United FC Arsenal Flag of England DM Declan Rice
91%
37 SSC Napoli Bayern Monachium Flag of South Korea CB Min-jae Kim
91%
30 AC Milan Flag of Portugal LW Rafael Leão
91%
43 Real Madryt Flag of France CM Eduardo Camavinga
90%
49 Manchester City Flag of England LW Jack Grealish
90%
70 Real Madryt Flag of Germany CM Toni Kroos
90%
57 FC Liverpool Flag of England RB Trent Alexander-Arnold
90%
20 Bayern Monachium Flag of Germany AM Jamal Musiala
89%
59 Brighton & Hove Albion FC Liverpool Flag of Argentina CM Alexis Mac Allister
88%
51 Bayern Monachium Flag of Germany DM Joshua Kimmich
88%
12 SSC Napoli Flag of Georgia LW Khvicha Kvaratskhelia
88%
68 FC Liverpool Flag of Colombia LW Luis Díaz
88%
50 AC Milan Flag of France F Olivier Giroud
88%
40 FC Arsenal Flag of France CB William Saliba
88%
96 Bayern Monachium Flag of Canada (Pantone) LB Alphonso Davies
87%
81 Real Madryt Flag of Austria CB David Alaba
87%
69 FC Barcelona Flag of the Netherlands CM Frenkie de Jong
87%
89 Atlético Madryt Flag of Slovenia GK Jan Oblak
87%
54 RB Leipzig Manchester City CB Joško Gvardiol
87%
38 Bayern Monachium Flag of Germany RW Leroy Sané
87%
91 Real Madryt Flag of Germany CB Antonio Rüdiger
86%
78 FC Liverpool Flag of Uruguay F Darwin Núñez
86%
53 FC Arsenal Flag of Brazil LW Gabriel Martinelli
86%
92 Manchester City Al-Ahli SFC Flag of Algeria RW Riyad Mahrez
86%
56 FC Barcelona Flag of Uruguay CB Ronald Araújo
86%
83 Juventus Turyn Benfika Lizbona Flag of Argentina RW Ángel Di María
85%
86 Real Madryt Flag of France DM Aurélien Tchouaméni
85%
82 Chelsea FC Flag of Argentina CM Enzo Fernández
85%
67 Manchester United Flag of England LW Marcus Rashford
85%
29 Inter Mediolan Flag of Italy CM Nicolò Barella
85%
80 Inter Mediolan AS Roma Flag of Belgium F Romelu Lukaku
85%
87 Newcastle United Flag of Sweden F Alexander Isak
84%
60 Newcastle United Flag of Brazil DM Bruno Guimarães
84%
48 Bayer 04 Leverkusen Flag of Germany AM Florian Wirtz
84%
84 AC Milan Flag of France GK Mike Maignan
84%
95 AC Milan Flag of France LB Theo Hernández
84%
58 Sevilla FC Al-Hilal SFC Flag of Morocco GK Yassine Bounou
84%
52 RB Leipzig FC Liverpool Flaga CM Dominik Szoboszlai
83%
63 Newcastle United Flag of England RB Kieran Trippier
83%
85 FC Arsenal Flag of Brazil F Gabriel Jesus
82%
93 FC Arsenal Bayer 04 Leverkusen Flag of Switzerland (Pantone) DM Granit Xhaka
82%
77 Leicester City Tottenham Hotspur Flag of England AM James Maddison
80%
88 Tottenham Hotspur Flag of Argentina CB Cristian Romero
78%
73 Atlético Madryt Flag of Spain F Álvaro Morata
77%
55 Inter Mediolan Flag of Turkey DM Hakan Çalhanoğlu
77%
76 Eintracht Frankfurt FC Paris Saint-Germain Flag of France F Randal Kolo Muani
77%
94 Inter Mediolan Al-Nassr FC DM Marcelo Brozović
76%
74 Benfika Lizbona Bayer 04 Leverkusen Flag of Spain LB Alejandro Grimaldo
75%
71 Brighton & Hove Albion Flag of Japan LW Kaoru Mitoma
74%
100 Borussia Mönchengladbach Inter Mediolan Flag of France F Marcus Thuram
73%
98 Aston Villa Flag of England F Ollie Watkins
73%
66 PSV Eindhoven RB Leipzig Flag of the Netherlands RW Xavi Simons
73%
79 Inter Mediolan Flag of Italy CB Alessandro Bastoni
72%
61 Inter Mediolan Flag of Italy LB Federico Dimarco
69%
64 Union Saint-Gilloise Bayer 04 Leverkusen Flag of Nigeria F Victor Boniface
68%
97 Inter Mediolan Flag of the Netherlands RM Denzel Dumfries
67%
90 RC Lens RB Leipzig Flag of Belgium F Loïs Openda
65%
72 VfB Stuttgart Flag of Guinea.svg F Serhou Guirassy
60%
99 FC Paris Saint-Germain Flag of France CM Warren Zaïre-Emery
59%
75 Feyenoord Rotterdam Flag of Mexico F Santiago Giménez
52%
65 Fluminense Football Club Flag of Argentina F Germán Cano
16%
No matching quizzes found
Score Distribution
Percent of People with Each Score
Percentile by Number Answered
Your Score History
You have not taken this quiz